000 00454nam a2200157 i 4500
001 81543
003 ES-MaACL
005 20230906174447.0
007 t|
008 041105s1980 iq ||||1| spa d
100 1 _aHussein, Saddam.
_964816
245 1 0 _aActualidad socio-política Iraq-80 /
_cSaddam Hussein.
260 _aBagdag :
_bMinisterio de Cultura en Información,
_c[1980]
300 _a60 p. ;
_c18 cm.
852 _aES-MaACL
_jL-1113
_bR.101984
999 _c81543
_d81543